Stockholm Syndrome - One Direction (All Lyrics) - Statistics

General Stats
  • This quiz has been taken 55 times
    49 since last reset
  • The average score is 334 of 378
Answer Stats
Lyrics % Correct
I
100%
to
100%
(to
100%
what
100%
you
100%
baby,
97%
baby
97%
baby)
97%
go
97%
me
97%
me)
97%
me,
97%
never
97%
oh,
97%
(oh
97%
oh
97%
oh)
97%
(oh,
97%
be
94%
done
94%
look
94%
(look
94%
that
94%
this
94%
by
91%
for
91%
holding
91%
if
91%
no
91%
now
91%
shadow
91%
way
91%
who's
91%
you've
91%
been
88%
here
88%
i'll
88%
i've
88%
keep
88%
leave
88%
and
84%
days
84%
got
84%
my
84%
the
84%
but
81%
i'm
81%
know
81%
your
81%
gonna
78%
hostage
78%
get
75%
Stockholm
75%
syndrome
75%
telling
75%
yeah,
75%
all
72%
away?
72%
being
72%
down
72%
hand
72%
held
72%
in
72%
whisper
72%
find
69%
man
69%
that's
69%
tied
69%
is
66%
room
66%
soon
66%
talking
66%
used
66%
about
63%
eyes?
63%
fell
63%
wanna
63%
coming
59%
getting
59%
mind
59%
his
56%
on
56%
they'll
56%
changed
53%
ever
53%
he's
53%
free
50%
life
50%
own
50%
alone
47%
i'd
47%
place
47%
there's
47%
fear
44%
other
44%
sing
44%
together
44%
we're
44%
light
34%
home
31%
guide
25%
No matching quizzes found
Score Distribution
Percent of People with Each Score
Percentile by Number Answered
Your Score History
You have not taken this quiz since the last reset